Introduction historique et critique aux livres du Nouveau Testament / (Record no. 156059)

MARC details
000 -LEADER
campo de control de longitud fija 00729nam a2200181 i 4500
001 - NÚMERO DE CONTROL
campo de control 156059
003 - IDENTIFICADOR DE NÚMERO DE CONTROL
campo de control ES-MaACL
005 - FECHA Y HORA DE LA ÚLTIMA TRANSACCIÓN
campo de control 20240306144904.0
008 - DATOS DE LONGITUD FIJA--INFORMACIÓN GENERAL
campo de control de longitud fija 050712s1861 fr |||| | fre d
040 ## - FUENTE DE CATALOGACIÓN
Centro catalogador/agencia de origen CAM
Lengua de catalogación spa
Centro/agencia transcriptor CAM
245 00 - MENCIÓN DEL TÍTULO
Título Introduction historique et critique aux livres du Nouveau Testament /
Mención de responsabilidad, etc. par Reithmayer, Hug, Tholuck, etc.; traduite et annotée par H. de Valroger.
260 ## - PUBLICACIÓN, DISTRIBUCIÓN, ETC.
Lugar de publicación, distribución, etc. Paris :
Nombre del editor, distribuidor, etc. Jacques Lecoffre et c\pie\s libraires,
Fecha de publicación, distribución, etc. 1861 (
Fabricante Imp. de Simon Raçon et comp.)
300 ## - DESCRIPCIÓN FÍSICA
Extensión 2 v. (XXXII, 530; 570 p.) ;
Dimensiones 22 cm.
630 #4 - PUNTO DE ACCESO ADICIONAL DE MATERIA--TÍTULO UNIFORME
Título uniforme Biblia.
Nombre de parte o sección de la obra N.T.-
Subdivisión general Crítica e interpretación
9 (RLIN) 119291
752 ## - ENTRADA AGREGADA--NOMBRE JERÁRQUICO DEL LUGAR
País o entidad superior Francia -
Ciudad París
852 ## - LOCALIZACIÓN
Ubicación ES-MaACL
Número de control de estantería G-7834-35
Nota libre - Enc. hol.
Holdings
Estatus retirado Estado de pérdida Estado de daño No para préstamo Colección Biblioteca de origen Biblioteca actual Ubicación en estantería Fecha de adquisición Fuente de adquisición Total de préstamos Signatura topográfica completa Código de barras Visto por última vez Precio de reemplazo Tipo de ítem Koha
        Libros del s. XIX Biblioteca del Ateneo de Madrid Biblioteca del Ateneo de Madrid Sala Pecera Planta 3 17/01/2008     G-7834-7835 1163265 23/02/2023 23/02/2023 Libro impreso antiguo